Statistiques concernant Pays les plus proches du Monténégro

Cliquez ici pour prendre le quiz!

Statistiques générales

  • Ce quiz a été pris 61 fois
  • Le résultat moyen est 18 sur 20

Statistiques - réponses

kmpays% Correct
0Croatie
98%
178Grèce
98%
0Albanie
96%
176Italie
96%
88Macédoine
du Nord
96%
0Serbie
96%
358Slovénie
96%
175Bulgarie
95%
247Hongrie
95%
0Kosovo
95%
0Bosnie-
Herzégovine
93%
223Roumanie
93%
467Slovaquie
91%
416Autriche
86%
507Turquie
79%
585Tchèquie
77%
568Ukraine
74%
497Vatican
72%
495Saint-Marin
70%
631Pologne
68%

Distribution des résultats

Percentile par nombre de réponses

% des personnes avec chaque résultat

Votre développement - résultats

Vous n’avez pas pris ce quiz